Normal view MARC view
  • Chong, Yen Yee Brown, Evelyn May

Entry Personal Name

Number of records used in: 1

001 - CONTROL NUMBER

  • control field: 58560

003 - CONTROL NUMBER IDENTIFIER

  • control field: NUST

005 - DATE AND TIME OF LATEST TRANSACTION

  • control field: 20210628202151.0

008 - FIXED-LENGTH DATA ELEMENTS

  • fixed length control field: 210628|| aca||aabn | a|a d

040 ## - CATALOGING SOURCE

  • Original cataloging agency: NUST
  • Transcribing agency: NUST

100 ## - HEADING--PERSONAL NAME

  • Personal name: Chong, Yen Yee Brown, Evelyn May

670 ## - SOURCE DATA FOUND

  • Source citation: Work cat.: (NUST): Chong, Yen Yee Brown, Evelyn May, Managing project risk, business risk management for project leaders, 2000
© 2023 Central Library, National University of Sciences and Technology. All Rights Reserved.